00601nam a2200193Ia 450000500170000000800410001702000150005804000180007304100080009108200160009910000180011524500540013325000120018726000660019930000280026565000310029365000420032465000410036620230713155233.0210716s2003 xx 000 0 und d a0070531447 cAIMIT LIBRARY aeng a005.43 MUSJ aMuster, John. aIntroduction to unix and linux /cBy John Muster. a1st ed. aNew Delhi :bTata McGraw Hill Publishing Company Ltd ,c2003. axiv,700 p.;bPBc24 cm. aTouring essential programs aTouring utilities and system features aSpecifying instructions tonthe shell